| 000 | 00553nam a22001817a 4500 | ||
|---|---|---|---|
| 005 | 20251108164157.0 | ||
| 008 | 250721s1986 xx 000 0 ara d | ||
| 082 | 1 | 4 | _a301,412/قضي |
| 100 | 1 | _aحليمي، جيزيل | |
| 245 | 1 | 0 |
_aقضية النساء : _bجيزيل حلمي-جرمين غرير / |
| 250 | _aط2. | ||
| 264 | 1 |
_aبيروت : _bدار الطليعة للطباعة والنشر، _c1986. |
|
| 300 | _a255ص. | ||
| 650 | 1 | 7 | _aالمرأة |
| 700 | 1 |
_aطرابيشي، جورج _eترجمة |
|
| 942 |
_2ddc _cBK |
||
| 999 |
_c5595 _d5595 |
||